000 00533nam a2200193Ia 4500
005 20250603145037.0
008 250603s9999 xx 000 0 und d
020 _a9780071624428
050 _aRM 300 .G644/
100 _aEdited by Laurence L. Brunton; Bruce A. Chabner & Bjorn C. Knollmann
245 0 _aGoodman & Gilman’s pharmacological basic of therapeutics
250 _a12th ed.
260 _aNew York
260 _bMcGraw Hill Education
260 _c2011
300 _a2084 p
650 _aNew York
942 _cBK
999 _c40703
_d40703